| 000 | 00499nam a2200133Ia 4500 | ||
|---|---|---|---|
| 008 | 250506s9999 xx 000 0 und d | ||
| 024 | _a01A-022-CE, 01A-019-CE, 01A-020-CE & 01A-017-CE | ||
| 082 | _a005.8072 OBA | ||
| 100 | _aMuhammad Obaidullah, Syed Zubair Ahmed, FarooqRazzaq & Uzair Ahmed | ||
| 245 | 0 | _aImplementing Network Defence System Using Intrusion Detection System | |
| 260 |
_aKarachi: _bUIT, _c2001 |
||
| 600 | _aComputer System Engineering | ||
| 650 | _aBachelor of Engineering (BE) | ||
| 999 |
_c27684 _d27684 |
||